<?xml version="1.0" encoding="UTF-8"?>
<marc:record xmlns:marc="http://www.loc.gov/MARC21/slim">
   <marc:leader>00000nam a2200000 a 4500</marc:leader>
   <marc:datafield ind1="1" ind2=" " tag="100">
      <marc:subfield code="a">Gast, Claudia</marc:subfield>
      <marc:subfield code="4">aut</marc:subfield>
      <marc:subfield code="e">Verfasser/-in</marc:subfield>
   </marc:datafield>
   <marc:datafield ind1="1" ind2=" " tag="100">
      <marc:subfield code="a">Hofer, Willi</marc:subfield>
      <marc:subfield code="4">aut</marc:subfield>
      <marc:subfield code="e">Verfasser/-in</marc:subfield>
   </marc:datafield>
   <marc:datafield ind1=" " ind2=" " tag="653">
      <marc:subfield code="a">Alpen</marc:subfield>
   </marc:datafield>
   <marc:datafield ind1=" " ind2=" " tag="653">
      <marc:subfield code="a">Bikeparks</marc:subfield>
   </marc:datafield>
   <marc:datafield ind1=" " ind2=" " tag="653">
      <marc:subfield code="a">Freeride Touren</marc:subfield>
   </marc:datafield>
   <marc:datafield ind1=" " ind2=" " tag="653">
      <marc:subfield code="a">Führer [DNB</marc:subfield>
   </marc:datafield>
   <marc:datafield ind1=" " ind2=" " tag="653">
      <marc:subfield code="a">Innsbruck (Region) [DNB</marc:subfield>
   </marc:datafield>
   <marc:datafield ind1=" " ind2=" " tag="653">
      <marc:subfield code="a">Karwendel</marc:subfield>
   </marc:datafield>
   <marc:datafield ind1=" " ind2=" " tag="653">
      <marc:subfield code="a">Mountainbiking [DNB</marc:subfield>
   </marc:datafield>
   <marc:datafield ind1=" " ind2=" " tag="653">
      <marc:subfield code="a">Radfahren</marc:subfield>
   </marc:datafield>
   <marc:datafield ind1=" " ind2=" " tag="653">
      <marc:subfield code="a">Radwandern [DNB</marc:subfield>
   </marc:datafield>
   <marc:datafield ind1=" " ind2=" " tag="653">
      <marc:subfield code="a">Roadbooks</marc:subfield>
   </marc:datafield>
   <marc:datafield ind1=" " ind2=" " tag="653">
      <marc:subfield code="a">Sellraintal</marc:subfield>
   </marc:datafield>
   <marc:datafield ind1=" " ind2=" " tag="653">
      <marc:subfield code="a">Stubaital</marc:subfield>
   </marc:datafield>
   <marc:datafield ind1=" " ind2=" " tag="653">
      <marc:subfield code="a">Tirol</marc:subfield>
   </marc:datafield>
   <marc:datafield ind1=" " ind2=" " tag="653">
      <marc:subfield code="a">Wipptal</marc:subfield>
   </marc:datafield>
   <marc:datafield ind1=" " ind2=" " tag="653">
      <marc:subfield code="a">Softcover / Reisen/Reiseführer/Sportreisen</marc:subfield>
   </marc:datafield>
   <marc:datafield ind1=" " ind2=" " tag="653">
      <marc:subfield code="a">Aktivreisen/Europa</marc:subfield>
   </marc:datafield>
   <marc:datafield ind1="0" ind2="0" tag="245">
      <marc:subfield code="a">107 Mountainbiketouren Innsbruck und Umgebung</marc:subfield>
   </marc:datafield>
   <marc:datafield ind1="0" ind2="0" tag="245">
      <marc:subfield code="b">Innsbruck | Mittelgebirge | Wipptal | Stubaital | Sellraintal | Oberinntal | Wetterstein | Karwendel | Unterinntal</marc:subfield>
   </marc:datafield>
   <marc:datafield ind1="0" ind2="0" tag="245">
      <marc:subfield code="c">Claudia Gast, Willi Hofer</marc:subfield>
   </marc:datafield>
   <marc:datafield ind1=" " ind2="1" tag="264">
      <marc:subfield code="a">Innsbruck</marc:subfield>
      <marc:subfield code="b">Michael Wagner Verlag</marc:subfield>
      <marc:subfield code="c">2022</marc:subfield>
   </marc:datafield>
   <marc:datafield ind1=" " ind2=" " tag="250">
      <marc:subfield code="a">2., durchgehend vierfarbig mit zahlr. Abb. und Kartenausschnitte</marc:subfield>
   </marc:datafield>
   <marc:datafield ind1="1" ind2=" " tag="520">
      <marc:subfield code="a">Angaben aus der Verlagsmeldung

110 Mountainbiketouren Innsbruck und Umgebung / von Claudia Gast, Willi Hofer

TIROL MIT DEM BIKE ERLEBEN!

110 Touren - 116.534 Höhenmeter - 3.100 Kilometer Mountainbikewege!

Die Mountainbike-Klassiker im Großraum Innsbruck mit allen Seitentälern, dazu zahlreiche Geheimtipps und Tourenvarianten aller Schwierigkeitsgrade für Anfänger und Fortgeschrittene auf dem Mountainbike: Claudia Hammerle und Willi Hofer bieten für jeden Geschmack das Richtige, von der kurzen Feierabend-Tour bis zu tagesfüllenden oder mehrtägigen Ausflügen auf dem Mountainbike oder Marathons und Freeride-Touren für Mountainbike-Profis.

- die 110 schönsten Mountainbike-Touren: Inntal von Telfs bis Schwaz, Großraum Innsbruck, Wipptal, Stubaital, Sellraintal, Wetterstein, Karwendel
- Wissenswertes über Ausrüstung und Fahrtechnik
- Reihung der Touren nach Schwierigkeit, Schönheit und Höhe
- alphabetisches Tourenverzeichnis
- Liste aller Bikeparks
- zahlreiche Fotos
- handliches Format

Die Touren sind mit Wegbeschreibungen, Übersichtskarten, Fotos und Roadbooks detailliert dargestellt, genaue Informationen über Länge und Dauer, Schwierigkeitsgrad, Wegbeschaffenheit und Routenverlauf ermöglichen die perfekte Tourenvorbereitung.

***Detaillierte Karten zu jeder Tour mit farbigem Routenverlauf und Roadbook können zudem über einen Hotlink aus dem Internet ausgedruckt werden.***
</marc:subfield>
   </marc:datafield>
   <marc:datafield ind1=" " ind2=" " tag="020">
      <marc:subfield code="a">9783710767241</marc:subfield>
      <marc:subfield code="9">9783710767241</marc:subfield>
   </marc:datafield>
   <marc:datafield ind1=" " ind2=" " tag="020">
      <marc:subfield code="a">3710767245</marc:subfield>
      <marc:subfield code="9">3710767245</marc:subfield>
   </marc:datafield>
   <marc:datafield ind1=" " ind2=" " tag="041">
      <marc:subfield code="a">ger</marc:subfield>
   </marc:datafield>
   <marc:datafield ind1=" " ind2=" " tag="300">
      <marc:subfield code="a">184 Seiten</marc:subfield>
   </marc:datafield>
</marc:record>
